| 000 | 01025nam a2200289 a 4500 | ||
|---|---|---|---|
| 001 | 000016221 | ||
| 003 | DO-SdBNP | ||
| 005 | 20240412074245.0 | ||
| 007 | ta | ||
| 008 | 100301s2005 dr c 000 0 spa d | ||
| 020 | _z9945100092 | ||
| 040 |
_aDO-SdBNP _bspa _cBNPHU |
||
| 082 | 4 |
_aRD863.44 _bP349g _222 |
|
| 100 | 1 |
_aPeña Fermín, Carlos Manuel, _d1953- _936272 |
|
| 245 | 1 | 3 |
_aEl Guabay "lugar de olvido" : _bnovela histórica / _cCarlos Manuel Peña Fermín ; prólogo Anselmo Brito. |
| 260 |
_aSanto Domingo : _bCocolo, _c2005. |
||
| 300 |
_a145 p. ; _c22 cm. |
||
| 500 | _a"Centenario de la muerte de Máximo Gómez (1836-1905)". | ||
| 500 | _aIncluye referencias bibliográficas y notas al pie de las páginas. | ||
| 590 | _aInventariado, 2020/BT | ||
| 600 | 1 | 0 |
_aGómez, Máximo, _d1836-1905 _912249 |
| 650 | 4 |
_aNovela histórica dominicana. _9860 |
|
| 650 | 0 |
_aLiteratura dominicana. _967 |
|
| 700 | 1 |
_aBrito, Anselmo, _epról. _936274 |
|
| 910 | _aValidado. Control de calidad. MMOLINA | ||
| 942 |
_2ddc _cLBS1 |
||
| 999 |
_c15759 _d15759 |
||